01331nam a2200241Ia 4500001001100000003001000011008004100021040002500062041001300087100001700100245006600117250001100183260006700194300001200261500023500273501011400508520023500622650001400857942000700871957000600878999004300884952016200927L268-21910IT-CnALBA170116s9999||||xx |||||||||||||| ||und|| aIT-CnALBAcIT-CnALBA aITALIANO aSENZA AUTORE 0aMANUALE DEL CATECHISTA. METODICA DELL'INSEGNAMENTO RELIGIOSO  a1a ed. a ROMA.bPIO IX. ISTITUTO. TIPOGR. PONT. c1910 [1° Ed.: n.d.] a595 p.  aTRADUZIONE DAL FRANCESE. BREVE DI PIO X. IL CATECHISMO. IL CATECHISTA. L'UDITORIO. LA SCUOLA. GESÙ, MODELLO DEGLI INSEGNATI E ALUNNI. LOGICA METODICA. DOGMA. MORALE. GRAZIA E SACRAMENTI. LITURGIA. STORIA SACRA ED ECCLESIASTICA.  aSocietà San Paolo EM - Piazza San Paolo, 14 - 12051 ALBA (CN) (non commercial uses only) ® Copyright 2017 aTRADUZIONE DAL FRANCESE. BREVE DI PIO X. IL CATECHISMO. IL CATECHISTA. L'UDITORIO. LA SCUOLA. GESÙ, MODELLO DEGLI INSEGNATI E ALUNNI. LOGICA METODICA. DOGMA. MORALE. GRAZIA E SACRAMENTI. LITURGIA. STORIA SACRA ED ECCLESIASTICA.  aCATECHESI cBK 71 a26652bSI g Copie: 1 c281014d281014 0010406L_2682191071aALBAbALBAd2017-01-16l0oL268-21910r2017-01-16 00:00:00w2017-01-16yBKz(data import: 16 gennaio 2017) - By Epidotti, Vaglietti.